[Event "FSIMA February"]
[Site "Budapest HUN"]
[Date "2001.02.09"]
[Round "6"]
[White "Tian Tian"]
[Black "Khechumyan,G"]
[Result "1/2-1/2"]
[WhiteElo "2224"]
[BlackElo "2227"]

1.e4 g6 2.d4 Bg7 3.Nc3 d6 4.Nf3 Bg4 5.Be2 Nc6 6.Be3 e5 7.dxe5 dxe5 8.Qxd8+ Rxd8
9.Nd5 Rd7 10.Bb5 Nf6 11.Nxf6+ Bxf6 12.Bxc6 bxc6 13.Bxa7 O-O 14.Be3 Rb8 15.b3 Rb4
16.Nd2 Bg7 17.Nc4 Be6 18.a3 Rb5 19.a4 Rb4 20.Bc5 Rb8 21.Na5 f5 22.Nxc6 Ra8
23.O-O fxe4 24.Rfd1 Kf7 25.Be3 Rd6 26.Nb4 Bf8 27.Na2 Rad8 28.Nc3 Rxd1+ 29.Rxd1 Rxd1+
30.Nxd1 Bb4 31.h3 Kf6 32.Kf1 g5 33.Nb2 h5 34.Nc4 h4 35.Bc1 g4 36.hxg4 Bxg4
37.Bd2 Bc5 38.Ba5 Bd1 39.Bxc7 Bxc2 40.Nxe5 Ke6 41.a5 Bxb3 42.Ke2 Ba4  1/2-1/2

[Event "Open"]
[Site "Fajr IRI"]
[Date "2001.02.09"]
[Round "7"]
[White "Hannanisefat,D"]
[Black "Aryanejad,H"]
[Result "0-1"]
[WhiteElo "2160"]
[BlackElo "2290"]

1.e4 g6 2.Nc3 Bg7 3.d4 d6 4.f4 Nf6 5.Nf3 O-O 6.Be3 b6 7.Bd3 c5 8.Qd2 Bb7
9.O-O-O Nc6 10.h3 cxd4 11.Nxd4 Rc8 12.g4 Nd7 13.Qf2 Nc5 14.Nxc6 Bxc6 15.Bd4 e5
16.Bxc5 bxc5 17.Bc4 exf4 18.Nd5 Bxd5 19.Rxd5 Be5 20.h4 h6 21.c3 Rb8 22.Rh3 Qd7
23.Qf3 Rb6 24.b3 Rfb8 25.Kc2 a5 26.Rd1 a4 27.Rhh1 Qa7 28.Rb1 Kg7 29.Qd3 Qd7
30.Qd5 R6b7 31.Rhg1 axb3+ 32.axb3 Ra7 33.Ra1 Rbb7 34.Kb2 Rxa1 35.Rxa1 Rc7
36.Qd1 Qe7 37.h5 Qf6 38.Qf3 Qh4 39.Kc2 Qh2+ 40.Be2 Kf6 41.Kd3 c4+ 42.bxc4 Qg3
43.Rf1 Kg5 44.Rf2 Ra7 45.Rg2  0-1

[Event "TCh-FIN 00-01"]
[Site "FIN"]
[Date "2001.02.10"]
[Round "7"]
[White "Lehto,V"]
[Black "Nouro,M"]
[Result "1/2-1/2"]
[WhiteElo "2249"]
[BlackElo "2390"]

1.e4 g6 2.d4 Bg7 3.Nc3 d6 4.f4 Nf6 5.Nf3 O-O 6.Bd3 Nc6 7.e5 dxe5 8.fxe5 Nh5
9.Be2 Bg4 10.d5 Bxf3 11.Bxf3 Nxe5 12.Bxh5 gxh5 13.Qxh5 Qd7 14.Bh6 Qg4 15.Qxg4 Nxg4
16.Bxg7 Kxg7 17.O-O Rad8 18.Rae1 Rd7 19.Rf4 Nf6 20.Rc4 Rfd8 21.Re5 Kf8 22.a4 a6
23.Kf2 Nxd5 24.Nxd5 Rxd5 25.Rxd5 Rxd5 26.Rxc7 Rd2+  1/2-1/2

[Event "1st Open de L'Estuaire"]
[Site "Trignac FRA"]
[Date "2001.02.10"]
[Round "1"]
[White "Berges,D"]
[Black "Istratescu,A"]
[Result "0-1"]
[WhiteElo "2142"]
[BlackElo "2582"]

1.d4 g6 2.Nc3 Bg7 3.e4 d6 4.Bg5 a6 5.g3 b5 6.a3 Bb7 7.Bg2 Nd7 8.Nge2 h6 9.Bc1 e5
10.O-O Ngf6 11.h3 O-O 12.d5 Nb6 13.Qd3 Qe7 14.Rd1 Rfd8 15.b3 c6 16.Be3 Qc7
17.dxc6 Bxc6 18.Nd5 Nbxd5 19.exd5 Bd7 20.Qd2 Kh7 21.c4 bxc4 22.Rdc1 Qb7 23.bxc4 Rab8
24.Qa5 Bf5 25.Nc3 Bd3 26.Na2 Nd7 27.Nb4 e4 28.Ra2 Ne5 29.c5 dxc5 30.Bxc5 Rbc8
31.Rd1 Rxd5 32.Nxd3 Rxd3 33.Rc1 Qd5 34.Rac2 Rd1+ 35.Bf1 Rxc1 36.Rxc1 Nd3
37.Qd2 Rxc5  0-1

[Event "FSIMA February"]
[Site "Budapest HUN"]
[Date "2001.02.11"]
[Round "8"]
[White "Dembo,Y"]
[Black "Khechumyan,G"]
[Result "0-1"]
[WhiteElo "2342"]
[BlackElo "2227"]

1.e4 g6 2.d4 Bg7 3.Nc3 d6 4.f4 a6 5.Nf3 Nd7 6.Bd3 c5 7.dxc5 Nxc5 8.O-O Nf6
9.Qe2 O-O 10.a4 Bd7 11.e5 Nxd3 12.cxd3 Ne8 13.Be3 dxe5 14.fxe5 Bc6 15.d4 Nc7
16.Qd2 Nd5 17.Bh6 f5 18.Bxg7 Kxg7 19.Ng5 Qd7 20.Rae1 e6 21.a5 h6 22.Nh3 g5
23.Rf2 Rad8 24.Kh1 Ne7 25.Rd1 Ng6 26.Ng1 Qc7 27.Qe1 Qxa5 28.Nge2 f4 29.Nc1 Qb6
30.d5 exd5 31.Rfd2 f3 32.gxf3 d4 33.Ne4 Rxf3 34.Rd3 Re3  0-1

[Event "ch-NED semi-finals"]
[Site "Leeuwarder NED"]
[Date "2001.02.11"]
[Round "1.3"]
[White "Blokhuis,J"]
[Black "Hommeles,T"]
[Result "1/2-1/2"]
[WhiteElo "2305"]
[BlackElo "2422"]

1.e4 g6 2.d4 Bg7 3.Nc3 d6 4.Be3 c6 5.Qd2 b5 6.Bd3 Nd7 7.Nf3 Qc7 8.Ne2 a6
9.O-O Bb7 10.a4 Ngf6 11.Ng3 Ng4 12.c3 Nxe3 13.Qxe3 O-O 14.Rfd1 Rfe8 15.axb5 cxb5
16.Bb1 e5 17.Ba2 h6 18.Nh4 Nf8 19.f4 exf4 20.Qxf4 Ne6 21.Qf2 b4 22.Rac1 Rac8
23.Rf1 Qe7 24.Nhf5 Qf8 25.Nxg7 Qxg7 26.h4 bxc3 27.bxc3 h5 28.Qe3 Rc7 29.Rf2 Ree7
30.Rcf1 Bc8 31.Ne2 Kh7 32.Rf3 Qh6 33.Nf4 Nxf4 34.Rxf4 f5 35.Qg3 fxe4 36.Rf6 e3
37.Bb1 Rf7 38.Qxd6 Rcd7 39.Qe5 a5 40.Re1 Rfe7 41.Qxa5 e2 42.Rxg6 Qe3+ 43.Kh2 Qf4+
44.Rg3+ Kh6 45.Qg5+ Qxg5 46.hxg5+ Kg7 47.Bd3 h4 48.Rf3 Bb7 49.Rf5 Re3 50.Bb5 Rde7
51.Rf2 Rxc3 52.Rexe2 Rxe2 53.Rxe2 Kg6 54.Rd2 Bd5 55.Re2 Bb7 56.Rb2 Kxg5 57.Bd7 Be4
58.Re2 Kf4 59.Be6 Rd3 60.d5  1/2-1/2

[Event "1st Open de L'Estuaire"]
[Site "Trignac FRA"]
[Date "2001.02.11"]
[Round "3"]
[White "Kacheishvili,G"]
[Black "Chomet,P"]
[Result "1-0"]
[WhiteElo "2556"]
[BlackElo "2378"]

1.d4 d6 2.e4 g6 3.Nc3 Bg7 4.Nge2 Nd7 5.g3 c5 6.Bg2 cxd4 7.Nxd4 Ngf6 8.O-O O-O
9.h3 a6 10.a4 Nc5 11.Re1 e5 12.Nde2 b6 13.Bg5 Nb7 14.Nd5 Nxd5 15.Bf6 Bxf6
16.Qxd5 a5 17.Nc3 Be7 18.h4 Kg7 19.Red1 Qd7 20.Rd2 Rd8 21.Qc4  1-0

[Event "12th Goodricke Open"]
[Site "Calcutta IND"]
[Date "2001.02.13"]
[Round "8"]
[White "Dhar,S"]
[Black "Shankar,R"]
[Result "0-1"]
[WhiteElo "2224"]
[BlackElo "2323"]

1.e4 g6 2.d4 Bg7 3.Nc3 d6 4.Nf3 Nf6 5.Be2 O-O 6.O-O c6 7.a4 Qc7 8.Bg5 e5
9.Qd2 Re8 10.dxe5 dxe5 11.Bc4 Nbd7 12.Rad1 Nc5 13.Qe3 Ne6 14.Bxe6 Bxe6 15.Qc5 Nd7
16.Qe3 Qb6 17.b3 f6 18.Bh6 Qxe3 19.Bxe3 Bf8 20.Rd3 Nc5 21.Rd2 Red8 22.Rfd1 Rxd2
23.Rxd2 a5 24.Ne1 Rb8 25.Nd3 Nxd3 26.Rxd3 b5 27.axb5 cxb5 28.f3 Kf7 29.Rd1 Rc8
30.Nxb5 Rxc2 31.Ra1 Bb4 32.Bb6 Rc6 33.Bxa5 Ra6 34.Ra4 Bxa5  0-1

[Event "12th Goodricke Open"]
[Site "Calcutta IND"]
[Date "2001.02.14"]
[Round "9"]
[White "Neelotpal,D"]
[Black "Meenakshi,S"]
[Result "1-0"]
[WhiteElo "2423"]
[BlackElo "2269"]

1.e4 g6 2.d4 Bg7 3.Nc3 d6 4.Be3 c6 5.Qd2 b5 6.f3 Nf6 7.O-O-O Qa5 8.Kb1 b4
9.Nce2 Nbd7 10.Nc1 Rb8 11.g4 Qc7 12.h4 c5 13.h5 c4 14.Qf2 a5 15.h6 Bf8 16.d5 Ne5
17.g5 Nfd7 18.Bd4 e6 19.dxe6 fxe6 20.Bh3 Be7 21.f4 Rf8 22.Qh2 Nc6 23.Bxe6 Nc5
24.Bxc8 Nxd4 25.Rxd4 Qxc8 26.f5 b3 27.Rxc4 bxa2+ 28.Ka1 Qb7 29.c3 Bxg5 30.b4 Bxc1
31.Qxd6 axb4 32.Rxb4 Nb3+ 33.Kxa2 Qa7+ 34.Kxb3 Rxb4+ 35.cxb4 Qa3+ 36.Kc4 Qa2+
37.Kb5 Qa7 38.Qc6+ Kf7 39.Qe6+  1-0

[Event "ch-Pol u20"]
[Site "Brzeg Dolny POL"]
[Date "2001.02.16"]
[Round "10"]
[White "Zawadzki,S"]
[Black "Stryjecki,M"]
[Result "0-1"]
[WhiteElo "2335"]
[BlackElo "2445"]

1.e4 d6 2.d4 g6 3.Nc3 Bg7 4.f4 c6 5.Nf3 Bg4 6.Be3 Qb6 7.Qd2 Bxf3 8.gxf3 Nd7
9.O-O-O Qc7 10.h4 Ngf6 11.Bd3 O-O-O 12.Rhg1 Kb8 13.f5 a6 14.f4 Bh6 15.fxg6 hxg6
16.e5 Nh5 17.Qf2 e6 18.Ne4 d5 19.Nd6 Nf8 20.Kb1 Rxd6 21.exd6 Qxd6 22.Rdf1 Nd7
23.Qd2 Ndf6 24.Rf3 Ng7 25.Rgf1 Nf5 26.Bxf5 exf5 27.Qh2 Bg7 28.Bg1 Ne4 29.c3 Bf6
30.Rh3 Rh5 31.Be3 Qd8 32.Rh1 Qb6 33.Qc2 Be7 34.Bc1 Qb5 35.Ka1 a5 36.Kb1 a4
37.Ka1 Qc4 38.Kb1 Bf6 39.R1h2 c5 40.dxc5 a3 41.Qb3 axb2 42.Bxb2 Qxc5 43.a4 Rh8
44.Ka2 Rc8 45.Rd3 Qg1 46.Rhh3 Nc5 47.Qxd5 Nxd3 48.Rxd3 Rd8 49.Qc4 Rxd3 50.Qxd3 Qc5
51.c4 Bxb2 52.Kxb2 Qb4+ 53.Kc1 Qxa4 54.Qd6+ Ka7 55.Qc5+ Ka6 56.Qd5 Qa3+ 57.Kc2 Qe7
58.Qb5+ Ka7 59.Kb2 Kb8 60.Qd5 Kc7 61.Kb3 Qe6 62.Qd3 Qb6+ 63.Kc3 Qf2 64.Qd5 Qe3+
65.Kb2 Qe6 66.Qc5+ Kd7 67.Kb3 Qe4 68.Qb6 Qb1+  0-1

[Event "ch-Pol u20"]
[Site "Brzeg Dolny POL"]
[Date "2001.02.16"]
[Round "10"]
[White "Szelag,M"]
[Black "Mista,A"]
[Result "0-1"]
[WhiteElo "2403"]
[BlackElo "2432"]

1.e4 g6 2.d4 Bg7 3.Nc3 d6 4.f4 Nf6 5.Nf3 O-O 6.Bd3 Nc6 7.e5 dxe5 8.dxe5 Nd5
9.Bd2 Ncb4 10.Bc4 Bf5 11.Nd4 Nb6 12.Nxf5 Nxc4 13.Ne3 Qd4 14.Nxc4 Qxc4 15.a3 Nd5
16.Qe2 Qxe2+ 17.Kxe2 Rad8 18.Rad1 f6 19.Nxd5 Rxd5 20.Bc3 Rc5 21.Rd7 fxe5
22.Rxe7 Bf6 23.Re6 Kf7 24.Rxf6+ Kxf6 25.Bb4 Rxc2+ 26.Kd3 c5 27.fxe5+ Ke6
28.Kxc2 cxb4 29.g3 Rf2+ 30.Kb3 bxa3 31.Kxa3 Kxe5 32.b3 h5 33.Re1+ Kf6 34.h4 Rf3
35.Rc1 Rxg3 36.Rc7 g5 37.hxg5+ Rxg5 38.Rxb7 Rg7 39.Rb4 Rh7 40.Rc4 h4 41.Kb4 h3
42.Rc1 h2 43.Rh1 Kg5  0-1

[Event "ch-ROM"]
[Site "Baile Tusnad ROM"]
[Date "2001.02.17"]
[Round "12"]
[White "Ionescu,D"]
[Black "Moldovan,D"]
[Result "0-1"]
[WhiteElo "2390"]
[BlackElo "2432"]

1.d4 g6 2.e4 Bg7 3.Nc3 d6 4.f4 Nf6 5.Nf3 O-O 6.Bd3 Na6 7.O-O c5 8.d5 Nc7
9.Qe1 Rb8 10.a4 a6 11.a5 Bd7 12.Qh4 Bb5 13.Nxb5 axb5 14.c3 c4 15.Bc2 Na6
16.f5 Nc5 17.fxg6 fxg6 18.Be3 Qc8 19.h3 e5 20.dxe6 Nxe6 21.Rad1 Qc6 22.Bb6 Nd7
23.Qe7 Rfe8 24.Qxd6 Nxb6 25.axb6 Bf8 26.Qxc6 bxc6 27.Ne5 Nc5 28.Nxc6 Rxb6
29.Nb4 Rb7 30.Rfe1 Nd7 31.b3 Bxb4 32.cxb4 Ne5 33.Rd5 Nc6 34.bxc4 Nxb4 35.Bb3 Nxd5
36.cxd5 Re5 37.Kf2 Kf8 38.Ke3 Rxe4+ 39.Kxe4 Re7+ 40.Kd4 Rxe1 41.d6 Ke8 42.Bg8 h6
43.Bh7 Kf7  0-1

[Event "Belgian Interteams 2000-1"]
[Site "BEL"]
[Date "2001.02.18"]
[Round "9"]
[White "Schalkx,J"]
[Black "Carlier,B"]
[Result "1-0"]
[WhiteElo "2223"]
[BlackElo "2392"]

1.e4 g6 2.d4 Bg7 3.Nc3 d6 4.Nge2 Nc6 5.Be3 e5 6.Qd2 Nf6 7.f3 exd4 8.Nxd4 O-O
9.O-O-O Nxd4 10.Bxd4 Be6 11.g4 c5 12.Be3 Qa5 13.Bh6 b5 14.Bxg7 Kxg7 15.Nxb5 Qxa2
16.Qc3 a6 17.Nc7 Rab8 18.g5 Rb4 19.Rxd6 Bc4 20.Qxf6+ Kg8 21.Rd8 Qa1+ 22.Kd2 Bxf1
23.Rxf8+ Kxf8 24.Qd8+  1-0

[Event "It"]
[Site "Montecatini Terme ITA"]
[Date "2001.02.19"]
[Round "8"]
[White "Acher,M"]
[Black "Marino,O"]
[Result "1/2-1/2"]
[WhiteElo "2264"]
[BlackElo "2068"]

1.e4 g6 2.d4 Bg7 3.Nc3 d6 4.g3 c6 5.Bg2 Nd7 6.Nge2 Qc7 7.O-O e5 8.h3 Ngf6
9.Be3 O-O 10.g4 b5 11.a3 Rd8 12.Ng3 Bb7 13.Nce2 a6 14.c3 Nb6 15.b3  1/2-1/2

[Event "It"]
[Site "Montecatini Terme ITA"]
[Date "2001.02.20"]
[Round "9"]
[White "Marino,O"]
[Black "Chatalbashev,B"]
[Result "0-1"]
[WhiteElo "2068"]
[BlackElo "2499"]

1.e4 g6 2.d4 Bg7 3.Nc3 d6 4.Be3 a6 5.Qd2 b5 6.f3 Nd7 7.O-O-O Bb7 8.g4 h5
9.g5 e6 10.h4 Ne7 11.Rh2 c5 12.Kb1 Qc7 13.dxc5 dxc5 14.Bxb5 axb5 15.Nxb5 Qc6
16.c4 Ba6 17.Nd6+ Kf8 18.Nxf7 Kxf7 19.Qxd7 Bd4 20.Qxc6 Nxc6 21.Bxd4 Nxd4
22.b3 Ke7 23.Rf2 Bb7 24.Re1 e5 25.f4 exf4 26.Rxf4 Raf8 27.Ref1 Rxf4 28.Rxf4 Rd8
29.Nh3 Ne6 30.Rf2 Bxe4+ 31.Kb2 Bf5 32.Nf4 Nxf4 33.Rxf4 Rd2+ 34.Ka1 Kd6 35.a4 Ke5
36.Rf1 Kd4  0-1

[Event "Open"]
[Site "Cappelle la Grande FRA"]
[Date "2001.02.25"]
[Round "2"]
[White "Te Llalemand,R"]
[Black "Firman,N"]
[Result "0-1"]
[WhiteElo "2291"]
[BlackElo "2476"]

1.e4 d6 2.d4 g6 3.Nc3 Bg7 4.Be3 a6 5.Nf3 b5 6.Bd3 Bb7 7.Qd2 Nd7 8.a4 b4 9.Ne2 Ngf6
10.Ng3 c5 11.Bh6 Bxh6 12.Qxh6 Qc7 13.dxc5 dxc5 14.b3 Ne5 15.Nxe5 Qxe5 16.O-O Ng4
17.Qd2 h5 18.f4 Qd4+ 19.Kh1 h4 20.Ne2 Nf2+ 21.Rxf2 Qxf2 22.Qe1 Qxe1+ 23.Rxe1 h3
24.gxh3 Rxh3 25.Kg2 Rh5 26.Kg3 O-O-O 27.Ng1 Rdh8 28.h3 Kc7 29.Be2 R5h7 30.Bf1 f5
31.exf5 gxf5 32.Nf3 Bxf3 33.Kxf3 Kd6 34.Rd1+ Kc6 35.Kg3 e6 36.Re1 Kd6 37.a5 Rg7+
38.Kf2 Rh4 39.Kf3 Rg1 40.Rd1+ Kc7 41.Kf2 Rh1 42.Kg2 R4xh3 43.Bxa6 R3h2+ 44.Kg3 Rxd1
45.Kxh2 Rd2+  0-1

[Event "Open"]
[Site "Cappelle la Grande FRA"]
[Date "2001.02.25"]
[Round "2"]
[White "Fierz,M"]
[Black "Gurevich,M"]
[Result "0-1"]
[WhiteElo "2203"]
[BlackElo "2694"]

1.e4 d6 2.d4 g6 3.Nc3 Bg7 4.f4 Nf6 5.Nf3 c5 6.dxc5 Qa5 7.Bd3 Qxc5 8.Qe2 O-O
9.Be3 Qa5 10.O-O Bg4 11.h3 Bxf3 12.Qxf3 Nc6 13.a3 Nd7 14.Bd2 Qd8 15.Rae1 e6
16.Kh1 Rc8 17.f5 a6 18.Qg3 Be5 19.Bf4 Nf6 20.Bxe5 Nxe5 21.Ne2 Nh5 22.Qe3 Qh4
23.Kg1 Rfe8 24.Qh6 exf5 25.Nf4 Nxd3 26.cxd3 fxe4 27.Nxh5 Qxh5 28.Qxh5 gxh5
29.dxe4 Rc4 30.Rf6 Re6 31.Rf5 Rcxe4 32.Ref1 Re7 33.Rg5+ Kh8 34.Rxh5 R4e5
35.Rh6 Rd7  0-1

[Event "It"]
[Site "Tel Aviv ISR"]
[Date "2001.02.26"]
[Round "6"]
[White "Haimovich,T"]
[Black "Postny,E"]
[Result "1-0"]
[WhiteElo "2302"]
[BlackElo "2432"]

1.e4 g6 2.d4 Bg7 3.Nc3 d6 4.g3 Nc6 5.d5 Ne5 6.f4 Nd7 7.Be3 Ngf6 8.Be2 c6
9.Qd2 O-O 10.O-O-O cxd5 11.exd5 b5 12.Bxb5 Nb6 13.Nf3 Bb7 14.Bd4 Rc8 15.Rhe1 Qc7
16.Bc6 Bxc6 17.dxc6 Qxc6 18.Ng5 Qb7 19.Qd3 Rb8 20.b3 Rfc8 21.Re2 Rc7 22.Nge4 Nbd7
23.Nxf6+ Nxf6 24.Bxf6 exf6 25.Nd5 Rc5 26.f5 a5 27.a4 Qd7 28.Re7 Qxf5 29.Qxf5 gxf5
30.Kb1 h6 31.Re2 Kh7 32.Ka2 Rbc8 33.c4 Rb8 34.Rf2 Re8 35.Rdd2 Re5 36.Rf3 h5
37.Rdf2 Kg6 38.Nf4+ Kg5 39.Nd3 Bh6 40.Nxe5 Rxe5 41.Rd3 Bf8 42.Rd5 Be7 43.Kb2 Kg4
44.Kc2 Kg5 45.Kd3 Kg4 46.Rf4+ Kg5 47.h4+ Kg6 48.Rf3 Bd8 49.Rxd6 Be7 50.Rd5 Bc5
51.Rxc5 Rxc5 52.Kd4 Rc8 53.c5 f4 54.Rxf4 f5 55.Kd5 Kf6 56.c6 Ke7 57.Rc4 f6
58.c7 Kd7 59.Rc6  1-0

[Event "Open"]
[Site "Cappelle la Grande FRA"]
[Date "2001.02.27"]
[Round "5"]
[White "Kuznetsova,E"]
[Black "Gurevich,M"]
[Result "0-1"]
[WhiteElo "2153"]
[BlackElo "2694"]

1.e4 d6 2.d4 g6 3.Nc3 Bg7 4.f4 Nf6 5.Nf3 c5 6.dxc5 Qa5 7.Bd3 Qxc5 8.Qe2 O-O
9.Be3 Qa5 10.O-O Bg4 11.a3 Nc6 12.Rab1 Nd7 13.b4 Qd8 14.Qd2 Bxf3 15.Rxf3 a5
16.b5 Nd4 17.Rff1 Rc8 18.Ne2 Nxe2+ 19.Qxe2 Rc3 20.Rb3 Qc8 21.Rfb1 a4 22.Rxc3 Qxc3
23.Bc1 Rc8 24.Kf1 Qf6 25.Qf2 Nc5 26.Bb2 Qe6 27.Bxg7 Nxd3 28.cxd3 Kxg7 29.Qd4+ f6
30.Rb2 Qg4 31.Qe3 Rc3 32.Rb1 Rxa3 33.e5 fxe5 34.fxe5 Qf5+  0-1

[Event "It"]
[Site "Tel Aviv ISR"]
[Date "2001.02.28"]
[Round "8"]
[White "Gruenfeld,Y"]
[Black "Postny,E"]
[Result "1/2-1/2"]
[WhiteElo "2520"]
[BlackElo "2432"]

1.e4 d6 2.d4 g6 3.Nc3 Bg7 4.Be3 Nf6 5.Qd2 c6 6.Bh6 Bxh6 7.Qxh6 Qa5 8.O-O-O b5
9.a3 Nbd7 10.Nf3 b4 11.axb4 Qxb4 12.e5 Nd5 13.Nxd5 cxd5 14.e6 fxe6 15.Bd3 Rb8
16.b3 Nf6 17.Bxg6+ Kd7 18.Rhe1 Qa3+ 19.Kd2 Qa5+ 20.Kc1 Qa3+ 21.Kd2 Qa5+ 22.Kc1  1/2-1/2

[Event "Open"]
[Site "Cappelle la Grande FRA"]
[Date "2001.03.01"]
[Round "7"]
[White "Bergez,L"]
[Black "Bouton,C"]
[Result "1-0"]
[WhiteElo "2426"]
[BlackElo "2173"]

1.e4 g6 2.d4 Bg7 3.Nc3 d6 4.Be3 a6 5.a4 Nd7 6.Be2 e5 7.Nf3 exd4 8.Nxd4 Ngf6
9.O-O O-O 10.Qd2 Re8 11.f3 Nf8 12.Rad1 Ne6 13.Nb3 Bd7 14.f4 Nf8 15.Bf3 Bc6
16.Qd3 Qe7 17.e5 dxe5 18.Bxc6 bxc6 19.f5 Ng4 20.Bc5 Qh4 21.h3 Nh6 22.Bf2 Qg5
23.Be3 Qh5 24.f6 Red8 25.Qe2 Qxe2 26.Nxe2 Nf5 27.fxg7 Nxe3 28.Rxd8 Rxd8 29.gxf8=Q+ Kxf8
30.Rf3 Rd1+ 31.Kf2 Nxc2 32.Nc3 Rd8 33.g4 h6 34.Ne4 Nb4 35.Ke2 Nd5 36.Nbc5 a5
37.Ne6+  1-0

[Event "5th United Insurance"]
[Site "Dhaka BAN"]
[Date "2001.03.03"]
[Round "12"]
[White "Barsov,A"]
[Black "Rausis,I"]
[Result "1/2-1/2"]
[WhiteElo "2500"]
[BlackElo "2525"]

1.d4 g6 2.e4 Bg7 3.Nc3 d6 4.h3 a6 5.g4 b5 6.Bg2 Bb7 7.Nge2 e6 8.Nf4 Nd7 9.d5 Qe7
10.O-O Nb6 11.Re1 Bxc3 12.bxc3 e5 13.Nd3 g5 14.Nb2 Qf6 15.c4 bxc4 16.a4 a5
17.Rb1 Ba6 18.Qd2 h5 19.f3 Ne7 20.Qxa5 Ng6 21.Qc3 Ke7 22.a5 Nd7 23.Nd1 Nf4
24.Ne3 Rhb8 25.Rxb8 Rxb8 26.Bf1 Nc5 27.Nf5+ Kd7 28.Bxf4 gxf4 29.Bxc4 Bxc4
30.Qxc4 hxg4 31.hxg4 Qh8 32.Kg2 Rb2  1/2-1/2

[Event "Victor Ciocaltea Mem"]
[Site "Bucharest ROM"]
[Date "2001.03.08"]
[Round "5"]
[White "Nevednichy,V"]
[Black "Badea,B"]
[Result "1/2-1/2"]
[WhiteElo "2563"]
[BlackElo "2460"]

1.e4 g6 2.d4 Bg7 3.Nc3 d6 4.Be3 a6 5.Qd2 b5 6.f3 Nd7 7.a4 b4 8.Nd1 a5 9.c3 bxc3
10.bxc3 c6 11.Bd3 Ba6 12.Bxa6 Rxa6 13.Ne2 Ngf6 14.Bh6 O-O 15.Bxg7 Kxg7 16.O-O Qb6
17.Ne3 Rb8 18.Nc4 Qa7 19.Ng3 d5 20.Ne3 e6 21.e5 Ng8 22.h4 Rab6 23.f4 Rb2
24.Qd1 Nh6 25.Ng4 Nf5 26.Nxf5+ exf5 27.Ne3 Qa6 28.Rf2 Rxf2  1/2-1/2

[Event "Victor Ciocaltea Mem"]
[Site "Bucharest ROM"]
[Date "2001.03.10"]
[Round "7"]
[White "Vajda,L"]
[Black "Badea,B"]
[Result "1/2-1/2"]
[WhiteElo "2454"]
[BlackElo "2460"]

1.e4 g6 2.d4 Bg7 3.Nc3 d6 4.Nf3 c6 5.a4 Nf6 6.Be2 O-O 7.O-O Nbd7 8.Be3 e5
9.dxe5 Nxe5 10.Nxe5 dxe5 11.a5 Be6 12.Qxd8 Rfxd8 13.f3 Nd7 14.b4 Bf8 15.Rfb1 b5
16.axb6 axb6 17.b5 Rxa1 18.Rxa1 Rc8 19.Ra7 cxb5 20.Nd5 Rxc2 21.Bxb5 Bxd5
22.Bxd7  1/2-1/2

[Event "Belgian Interteams 2000-1"]
[Site "BEL"]
[Date "2001.03.11"]
[Round "10"]
[White "Weemaes,R"]
[Black "Carlier,B"]
[Result "1/2-1/2"]
[WhiteElo "2295"]
[BlackElo "2392"]

1.e4 g6 2.d4 Bg7 3.Nc3 d6 4.Nf3 Nf6 5.Be2 O-O 6.O-O c5 7.dxc5 dxc5 8.Qxd8 Rxd8
9.Be3 b6 10.Rad1 Nc6 11.Rxd8+ Nxd8 12.Rd1 Bb7 13.e5 Ng4 14.Bg5 Ne6 15.Bxe7 Nf4
16.Bd6 Nxe2+ 17.Nxe2 Rd8 18.Nc3 Bxf3 19.gxf3 Nxe5 20.Bxe5 Rxd1+ 21.Nxd1 Bxe5
22.b3 f5 23.Ne3 Kf7 24.c4 Ke6 25.Nd5 b5 26.f4 Bd6 27.Kg2 h6 28.h3 g5 29.fxg5 hxg5
30.f4 gxf4 31.Kf3 bxc4 32.bxc4 Ke5 33.Nc3 Be7 34.Nb5 a6 35.Nc7 a5 36.Nb5 Bh4
37.a4 Bg3 38.Na7 Kd4 39.Nc6+ Kxc4 40.Nxa5+ Kb4 41.Nc6+ Kxa4 42.Ne5 Kb3 43.h4 Bxh4
44.Kxf4 Bf6 45.Nf3 Bc3 46.Kxf5 c4 47.Ke4 Ba5 48.Ng1 Kc2 49.Ne2  1/2-1/2

[Event "Belgian Interteams 2000-1"]
[Site "BEL"]
[Date "2001.03.11"]
[Round "10"]
[White "Tonoli,J"]
[Black "Deleyn,G"]
[Result "1/2-1/2"]
[WhiteElo "2177"]
[BlackElo "2232"]

1.e4 g6 2.d4 Bg7 3.Nc3 d6 4.g3 Nf6 5.Bg2 O-O 6.Nge2 Nc6 7.f4 e5 8.O-O exd4
9.Nxd4 Nxd4 10.Qxd4 c6 11.h3 Nd5 12.e5 dxe5 13.fxe5 Qb6 14.Qxb6 Nxb6 15.Bf4 Nc4
16.Rae1 Nxb2 17.Ne4 Nc4 18.Nd6 Nxd6 19.exd6 Be6 20.Rb1 Bd4+ 21.Kh2 Bb6 22.a4 Rad8
23.a5  1/2-1/2

[Event "TCh-FIN 00-01"]
[Site "FIN"]
[Date "2001.03.11"]
[Round "9"]
[White "Nouro,M"]
[Black "Lehtinen,H"]
[Result "1/2-1/2"]
[WhiteElo "2390"]
[BlackElo "2339"]

1.e4 g6 2.d4 Bg7 3.Nc3 d6 4.g3 Nf6 5.Bg2 O-O 6.Nge2 e5 7.O-O Nc6 8.dxe5 dxe5
9.Bg5 Nd4 10.Nxd4 exd4 11.Nb5 h6 12.Bf4 Nh5 13.Qf3 Nxf4 14.Qxf4 c6 15.Na3 Qb6
16.Nc4 Qc5 17.b3 b5 18.Qd6 Qxd6 19.Nxd6 Rd8  1/2-1/2

[Event "It"]
[Site "Evry FRA"]
[Date "2001.03.15"]
[Round "1"]
[White "Pira,D"]
[Black "Bricard,E"]
[Result "0-1"]
[WhiteElo "2449"]
[BlackElo "2445"]

1.d4 g6 2.e4 Bg7 3.Nc3 d6 4.Be3 a6 5.h4 Nf6 6.f3 b5 7.Qd2 Nbd7 8.a4 b4 9.Nd1 Rb8
10.g4 h5 11.g5 Nh7 12.f4 c5 13.d5 Nb6 14.a5 Na8 15.Nf3 Nc7 16.Bc4 Bg4 17.O-O Qd7
18.c3 O-O 19.Nh2 bxc3 20.bxc3 Nb5 21.Rc1 Bxd1 22.Rfxd1 Qc7 23.Nf3 Qxa5 24.e5 Rfd8
25.Qd3 dxe5 26.Nxe5 Nd6 27.Ra1 Qc7 28.Nc6 Qd7 29.f5 Nxf5 30.Bf2 Rb2 31.Nxd8 Qxd8
32.d6 Nxd6 33.Qxg6 Qc8 34.Bxf7+ Nxf7 35.Qxh5 Qf5 36.Rf1 Nf6 37.Qd1 Ne4 38.Bd4 Qh3
39.Bf2 Nxf2 40.Qd5 Qg3+ 41.Qg2 Nh3+  0-1

[Event "Open"]
[Site "Kazimierz Dolny POL"]
[Date "2001.03.16"]
[Round "7"]
[White "Pinski,J"]
[Black "Lobejko,R"]
[Result "1-0"]
[WhiteElo "2395"]
[BlackElo "2384"]

1.e4 d6 2.d4 g6 3.Nc3 Bg7 4.f4 Nd7 5.Nf3 e5 6.dxe5 dxe5 7.fxe5 c6 8.Bc4 Qe7
9.Bg5 Qb4 10.Qd4 Qxb2 11.Bxf7+ Kxf7 12.Qc4+ Kf8 13.O-O Qxa1  1-0

[Event "TCh-SVK"]
[Site "SVK"]
[Date "2001.03.17"]
[Round "10"]
[White "Petrik,K"]
[Black "Klemanic,E"]
[Result "1/2-1/2"]
[WhiteElo "2229"]
[BlackElo "2299"]

1.e4 d6 2.d4 g6 3.Nc3 Bg7 4.Nge2 Nf6 5.g3 O-O 6.Bg2 e5 7.O-O Nc6 8.dxe5 dxe5
9.h3 Qxd1 10.Rxd1 Nb4 11.Bg5 c6 12.Rac1 h6 13.Be3 Re8 14.Rd2 Be6 15.Rcd1 Nh5
16.a3 Na6 17.Kh2 Kh7 18.Bf3 Nf6 19.g4 Bf8 20.Bg2 Bc5 21.Bxc5 Nxc5 22.b4 Ncd7
23.Nd5 Rac8 24.Ne3 Nb6 25.Rd6 Kg7 26.f4 Bc4 27.fxe5 Rxe5 28.Ng3 Be6 29.Bf3 c5
30.Rd8 Rxd8 31.Rxd8 cxb4 32.axb4 Rb5 33.Rd4 Kf8 34.Be2 Re5 35.c4 Ke7 36.c5 Nbd7
37.Bf3 a5 38.Nd5+ Ke8 39.bxa5 Bxd5 40.exd5 Nxc5 41.Rc4 Nb3 42.a6 bxa6 43.Rc6 Nxd5
44.Rxa6 Nd2 45.Ra8+ Ke7 46.Ra7+ Kf6 47.Bxd5 Rxd5 48.Kg2 Re5 49.Ra2 Nc4 50.Rf2+ Ke6
51.Ra2 Re3 52.Ra6+ Ke5 53.Ra7 Kf6 54.Rc7 Ne5 55.Nf1 Rd3 56.Rc5 Nf3 57.Ng3 Nh4+
58.Kh2 Rd2+ 59.Kh1 Ke6 60.Rc3 Ke5 61.Nf1 Rf2 62.Kg1 Rg2+ 63.Kh1 Ke4 64.g5 hxg5
65.Rc4+ Kf3 66.Nh2+ Ke3 67.Nf1+ Kf2 68.Nd2 f5 69.Rc2 Kg3 70.Nf1+ Kf3 71.Nh2+ Rxh2+
72.Kxh2 f4 73.Ra2 Ke3 74.Ra3+ Ke2 75.Ra2+ Ke3  1/2-1/2

[Event "Czech Extra League 2000-1"]
[Site "CZE"]
[Date "2001.03.18"]
[Round "9"]
[White "Oral,T"]
[Black "Nedela,V"]
[Result "1-0"]
[WhiteElo "2555"]
[BlackElo "2385"]

1.e4 g6 2.d4 Bg7 3.Nc3 d6 4.Be3 Nd7 5.Nf3 e6 6.Qd2 h6 7.Bd3 a6 8.O-O Ne7
9.a4 b6 10.Ne2 Bb7 11.c4 Nf6 12.d5 Ng4 13.Bd4 e5 14.Bc3 O-O 15.h3 Nf6 16.Nh2 g5
17.h4 Ng6 18.hxg5 hxg5 19.Qxg5 Kh7 20.Bd2 Bc8 21.Ng3 Rh8 22.Nf5 Bxf5 23.exf5 Nf8
24.Ng4 N8d7 25.Nh6 Bxh6 26.Qxh6+ Kg8 27.Qg5+ Kf8 28.f3 Rh5 29.Qe3 Ke7 30.g4 Rh4
31.Kg2 Qh8 32.Rh1 Rg8 33.Rxh4 Qxh4 34.Qf2 Qxf2+ 35.Kxf2 Rh8 36.Kg3 a5 37.Re1 Kf8
38.Bc2 Nc5 39.g5 Nh5+ 40.Kg4 Nf4 41.Bxf4 exf4 42.f6 Nd7 43.Kxf4 Rh4+ 44.Kg3 Rxc4
45.Rh1  1-0

[Event "TCh-SVK"]
[Site "SVK"]
[Date "2001.03.18"]
[Round "11"]
[White "Gazik,I"]
[Black "Irsai,J"]
[Result "1-0"]
[WhiteElo "2372"]
[BlackElo "2331"]

1.e4 g6 2.d4 Bg7 3.Nc3 d6 4.Be3 Nf6 5.f3 Nc6 6.Qd2 e5 7.Nge2 a6 8.d5 Ne7
9.O-O-O b5 10.Bh6 Bxh6 11.Qxh6 Nh5 12.g4 Ng8 13.Qe3 Ng7 14.h4 h5 15.g5 Ne7
16.f4 Bg4 17.fxe5 dxe5 18.Bh3 Bxh3 19.Rxh3 Nc8 20.Qc5 Qd6 21.Qc6+ Qxc6 22.dxc6 Nd6
23.Nd5 O-O-O 24.Ra3 Nxe4 25.Rxa6 Kb8 26.Ra5 Nd6 27.Rd3 b4 28.Rb3 Nc4 29.Rxb4+ Nb6
30.Rxb6+ cxb6 31.c7+ Kb7 32.cxd8=Q Rxd8 33.Rb5 Rd6 34.Ndc3 Nf5 35.Rb4 Ng3
36.a4  1-0

[Event "17th Spring Festival"]
[Site "Budapest HUN"]
[Date "2001.03.19"]
[Round "4"]
[White "Gara,A"]
[Black "Francsics,E"]
[Result "1-0"]
[WhiteElo "2344"]
[BlackElo "2220"]

1.e4 d6 2.d4 g6 3.Nc3 Bg7 4.f4 a6 5.Nf3 b5 6.Bd3 e6 7.f5 Ne7 8.fxg6 fxg6
9.O-O O-O 10.Bg5 Nbc6 11.d5 Nd4 12.Nxd4 Bxd4+ 13.Kh1 Rxf1+ 14.Qxf1 Bg7 15.Qf2 Bd7
16.Qh4 Bf8 17.Rf1 Qe8 18.a3 e5 19.Be2 Nc8 20.Bg4 Nb6 21.b3 Qc8 22.Qf2 Qe8
23.Qf3 Bg7 24.h4 h6 25.Be3 Qe7 26.Qh3 Bxg4 27.Qxg4 Kh7 28.h5 Qe8 29.Qe6 Qxe6
30.dxe6 Rf8 31.Rxf8 Bxf8 32.hxg6+ Kxg6 33.Bxb6 cxb6 34.Nd5 Bg7 35.Kg1 h5
36.Kf2 Bh6 37.Ne7+  1-0